Managing globalization in the age of interdependence
| Main Author: | Lodge, George C |
|---|---|
| Published: |
Kuala Lumpur:
Golden Books Centre,
1995.
|
| Subjects: |
| LEADER | 00542cam a2200157 7i4500 | ||
|---|---|---|---|
| 001 | 0000053043 | ||
| 005 | 20191021090000.0 | ||
| 020 | |a 9837202335 (pbk.) | ||
| 090 | 0 | 0 | |a HF1359 |b .L63 1995 |
| 100 | 1 | |a Lodge, George C | |
| 245 | 1 | 0 | |a Managing globalization in the age of interdependence |c George C. Lodge. |
| 260 | |a Kuala Lumpur: |b Golden Books Centre, |c 1995. | ||
| 300 | |a xv, 128 p. | ||
| 650 | 0 | 0 | |a International economic relations |
| 650 | 0 | 0 | |a International business enterprises -- |x Management |
| 999 | |a 0000067938 |b BOK |c OPEN SHELF |e 1st Floor, Shah Alam | ||


